|
|
|
|
| LEADER |
00000nab a2200000 a 4500 |
| 001 |
vtls010715455 |
| 003 |
SK-MaSNL |
| 005 |
20260304191149.0 |
| 008 |
250709s2007 xo |||||||||||||||||slo| |
| 035 |
|
|
|a (urnnbn)urn:nbn:sk:snk:ar-a04l9y
|
| 035 |
|
|
|a (uuid)e72ecf65-33ee-488b-bdde-1daff74bb4a9
|
| 035 |
|
|
|a urn:nbn:sk:snk-ab3hoj
|
| 040 |
|
|
|a SNKBUCL
|b slo
|c SNKBUCL
|e AACR2
|
| 041 |
0 |
|
|a cze
|
| 044 |
|
|
|a xo
|c SK
|
| 100 |
1 |
|
|a Vránová, Věra
|4 aut
|9 1523503
|
| 245 |
1 |
0 |
|a MANAGEMENT PORODNÍ ASISTENCE V ČESKÉ REPUBLICE, PROFESNÍ ORGANIZACE ČKPA
|c Věra Vránová
|
| 773 |
0 |
|
|t Ošetrovateľstvo a pôrodná asistencia
|g Roč. 5, č. 1 (2007), s. III-V
|
| 850 |
|
|
|a Slovenská národná knižnica
|
| 852 |
|
|
|a Slovenská národná knižnica
|
| 958 |
|
|
|a article1
|
| 958 |
|
|
|a OND
|
| 958 |
|
|
|a EUIPO
|
| 999 |
|
|
|c 3052607
|d 3054537
|